| 000 | 02260cam a22004574i 4500 | ||
|---|---|---|---|
| 003 | PE-LiUPU | ||
| 005 | 20250731165438.0 | ||
| 008 | 160525s2016 pe a grm 000 0 spa d | ||
| 035 | _a(Sirsi) a156829 | ||
| 040 |
_aPE-LiUPU _bspa _cPE-LiUPU _erda |
||
| 099 |
_aTPS 2 _bR63 2016 |
||
| 100 | 1 |
_aRios Vasquez, Gabriela _eautor |
|
| 245 | 1 |
_aClima social familiar e ideación suicida en pacientes de dos establecimientos de salud de Lima este, 2016 / _cGabriela Rios Vasquez. |
|
| 264 | 0 | _c2016. | |
| 336 |
_atext _2rdacontent |
||
| 337 |
_aunmediated _2rdamedia |
||
| 338 |
_avolume _2rdacarrier |
||
| 502 |
_aTesis _b(Lic.) -- _cUniversidad Peruana Unión, _d2016. |
||
| 504 | _aIncluye referencias | ||
| 520 | 3 | _aLa investigación tuvo como objetivo establecer la relación entre clima social familiar e ideación suicida en pacientes de dos establecimientos de salud de Lima este. Se desarrolló un estudio de diseño no experimental de tipo correlacional. La muestra estuvo conformada por 50 pacientes de 13-21 años de edad seleccionados mediante un muestreo no probabilístico. Los instrumentos empleados fueron la Escala de Clima Social Familiar (EFES) adaptada por Ruiz y Guerra (1993) y la Escala de Ideación Suicida (SSI) de Beck adaptado al Perú por Eugenio y Zelada (2011). Los resultados indican que existe una relación significativa inversa entre las dimensiones de clima social familiar e ideación suicida (Relación:r=-560, p=.000; Desarrollo: r=-408, p=.003; Estabilidad: r=.349, p=.013). Se concluye que un clima social familiar favorable disminuirá el riesgo de ideación suicida en los pacientes. | |
| 526 | _aSEG44 | ||
| 526 | _aSEG26 | ||
| 526 | _aP151 | ||
| 526 | _aP150 | ||
| 526 | _aP149 | ||
| 526 | _aP146 | ||
| 526 | _aP145 | ||
| 526 | _aP126 | ||
| 526 | _aP125 | ||
| 526 | _aP92 | ||
| 526 | _aP75 | ||
| 526 | _aP74 | ||
| 526 | _aP27 | ||
| 526 | _aP15 | ||
| 650 | 0 | 4 |
_aConducta suicida _xFamilias _vTesis. |
| 650 | 0 | 4 |
_aSuicidio _vTesis. |
| 700 | 1 |
_aYamamoto Chamorro, Aracely Yazumy _eautor |
|
| 596 | _a1 | ||
| 942 |
_2ddc _cTESIS |
||
| 999 |
_aTPS 2 R63 2016 _wALPHANUM _c9481 _iT01966 _lCCODEBUL3 _mBUL _r1 _sY _tTESIS _u2016-5-25 _xSALUD _PP33 _o.STAFF. Tesis _d9481 |
||
| 980 |
_81 _gALBERTO SANCHEZ Responsable de Automatización |
||